000 00828nas a2200265 4500
001 BR7900500
003 BR-BrBNA
005 20231205083620.0
007 ta
008 230509b bl.|||p| |||| 00| 00por d
040 _aBR-BrBNA
_bpor
_cBiblioteca Nacional de Agricultura
041 _a(Pt)
072 _aH20
100 1 _aBarros, N.F. de
100 1 _aBrandi, R.M.
100 1 _aReis, M.S.
245 1 _aMicorriza em eucalipto (uma revisao sobre a morfologia, a fisiologia e os efeitos mutuos da associacao fungo-planta)[Eucalyptus spp]
650 _aEUCALIPTO
650 _aCANCRO
650 _aVARIEDADE RESISTENTE
650 _aMINAS GERAIS
773 0 _tRevista Arvore (Brazil)
_xISSN 0100-6762
_g(Dec 1978), v. 2(2) p. 130-140
_wBR7900500
909 _a202311
_bLúcia
_c55
_dLúcia Elande
942 _2AGRIS
_n0
_cANA
999 _c100068
_d100068